000
00260nam a22001097a 4500
008
160512b xxu||||| |||| 00| 0 eng d
020
_a
0071093680
041
_a
eng
080
_a
612.39
245
_a
Contemporary nutrition:
_c
Gordon M. Wardlaw;
942
_2
udc
_c
BK
999
_c
2131
_d
2131